NRJ Music Awards 2006 - Les gagnants - Statistiques

Statistiques générales
  • Ce quiz a été pris 4 fois
  • Le résultat moyen est 7 sur 13
Statistiques - réponses
Hint Réponse % Correct
Révélation francophone Gregory Lemarchal
100%
Artiste féminine francophone Jenifer
75%
Album francophone Avant que l'ombre (Mylène Farmer)
50%
Chanson francophone Elle me contrôle (M. Pokora)
50%
Clip de l'année Elle me contrôle (M. Pokora)
50%
Révélation internationale James Blunt
50%
Chanson internationale La Tortura (Shakira feat Alejandro Sanz)
50%
Groupe/duo francophone Le Roi Soleil
50%
Artiste féminine internationale Madonna
50%
Album international Monkey Business (The Black Eyed Peas)
50%
Artiste masculin francophone Raphael
50%
Artiste masculin international Robbie Williams
50%
Groupe/duo international The Black Eyed Peas
50%
Aucun quiz correspondant
Distribution des résultats
% des personnes avec chaque résultat
Percentile par nombre de réponses
Votre historique - résultats
Vous n’avez pas pris ce quiz